Cognitive psychology : (Record no. 7845)

MARC details
000 -LEADER
fixed length control field 01876cam a22004098i 4500
001 - CONTROL NUMBER
control field 21078585
003 - CONTROL NUMBER IDENTIFIER
control field OSt
005 - DATE AND TIME OF LATEST TRANSACTION
control field 20260401092634.0
008 - FIXED-LENGTH DATA ELEMENTS--GENERAL INFORMATION
fixed length control field 190715s2020 enk b 001 0 eng
010 ## - LIBRARY OF CONGRESS CONTROL NUMBER
LC control number 2019027840
020 ## - INTERNATIONAL STANDARD BOOK NUMBER
International Standard Book Number 9781138482210
Qualifying information (hardback)
020 ## - INTERNATIONAL STANDARD BOOK NUMBER
International Standard Book Number 9781138482234
Qualifying information (paperback)
020 ## - INTERNATIONAL STANDARD BOOK NUMBER
Canceled/invalid ISBN 9781351058513
Qualifying information (ebook)
035 ## - SYSTEM CONTROL NUMBER
System control number 21078585
040 ## - CATALOGING SOURCE
Original cataloging agency DLC
Language of cataloging eng
Description conventions rda
Transcribing agency DLC
042 ## - AUTHENTICATION CODE
Authentication code pcc
050 00 - LIBRARY OF CONGRESS CALL NUMBER
Classification number 158.1 EYS
082 00 - DEWEY DECIMAL CLASSIFICATION NUMBER
Classification number 158.1 EYS
Edition number 23
100 1# - MAIN ENTRY--PERSONAL NAME
Personal name Eysenck, Michael W.,
Relator term author.
9 (RLIN) 35082
245 10 - TITLE STATEMENT
Title Cognitive psychology :
Remainder of title a student's handbook /
Statement of responsibility, etc. Michael W. Eysenck, Mark T. Keane.
250 ## - EDITION STATEMENT
Edition statement Eighth edition.
263 ## - PROJECTED PUBLICATION DATE
Projected publication date 1911
264 #1 - PRODUCTION, PUBLICATION, DISTRIBUTION, MANUFACTURE, AND COPYRIGHT NOTICE
Place of production, publication, distribution, manufacture Milton Park, Abingdon, Oxon ;
-- New York, NY :
Name of producer, publisher, distributor, manufacturer Routledge,
Date of production, publication, distribution, manufacture, or copyright notice 2020.
300 ## - PHYSICAL DESCRIPTION
Extent pages cm
336 ## - CONTENT TYPE
Content type term text
Content type code txt
Source rdacontent
337 ## - MEDIA TYPE
Media type term unmediated
Media type code n
Source rdamedia
338 ## - CARRIER TYPE
Carrier type term volume
Carrier type code nc
Source rdacarrier
504 ## - BIBLIOGRAPHY, ETC. NOTE
Bibliography, etc. note Includes bibliographical references and index.
520 ## - SUMMARY, ETC.
Summary, etc. "The fully updated eighth edition of Cognitive Psychology: A Student's Handbook provides comprehensive yet accessible coverage of all the key areas in the field ranging from visual perception and attention, through to memory and language. Each chapter is complete with key definitions, practical real-life applications, chapter summaries and suggested further reading to help students develop an understanding of this fascinating but complex field"--
Assigning source Provided by publisher.
650 #0 - SUBJECT ADDED ENTRY--TOPICAL TERM
Topical term or geographic name entry element Cognition.
650 #0 - SUBJECT ADDED ENTRY--TOPICAL TERM
Topical term or geographic name entry element Cognitive psychology.
9 (RLIN) 35083
700 1# - ADDED ENTRY--PERSONAL NAME
Personal name Keane, Mark T.,
Dates associated with a name 1961-
Relator term author.
9 (RLIN) 35084
776 08 - ADDITIONAL PHYSICAL FORM ENTRY
Relationship information Online version:
Main entry heading Eysenck, Michael W.,
Title Cognitive psychology
Edition 8.
Place, publisher, and date of publication Milton Park, Abingdon, Oxon ; New York, NY : Routledge, 2020.
International Standard Book Number 9781351058513
Record control number (DLC) 2019027841
906 ## - LOCAL DATA ELEMENT F, LDF (RLIN)
a 7
b cbc
c orignew
d 1
e ecip
f 20
g y-gencatlg
942 ## - ADDED ENTRY ELEMENTS (KOHA)
Source of classification or shelving scheme Dewey Decimal Classification
Koha item type Book
Holdings
Date last seen Total Checkouts Full call number Barcode Date last checked out Price effective from Koha item type Lost status Source of classification or shelving scheme Damaged status Not for loan Withdrawn status Home library Current library Shelving location Date acquired BOOK NO
05/12/2026 1 158.1 EYS 004429 05/07/2026 04/01/2026 Book   Dewey Decimal Classification       Indian Institute of Management Visakhapatnam Indian Institute of Management Visakhapatnam General 04/01/2026 EYS

Copyright © 2024 Indian Institute of Management Visakhapatnam
Koha v23.05